| 000 | 00678nam a22002297a 4500 | ||
|---|---|---|---|
| 003 | dpl | ||
| 005 | 20180522163206.0 | ||
| 008 | 180522b xxu||||| |||| 00| 0 eng d | ||
| 010 | _aB-100032 | ||
| 020 | _c395.00 | ||
| 035 | _aB-100032, B-100034 | ||
| 037 | _bCen Lib/Ret | ||
| 040 |
_aDPL _bEN _c0 |
||
| 082 |
_a921 _bBEG |
||
| 100 |
_aBegam Aizaz Rasul _940198 |
||
| 245 |
_aFrom purdah to parliament / _cby Begam Aizaz Rasul |
||
| 260 |
_aDelhi _bAjanta books international _c2001 |
||
| 270 |
_bDelhi _a1 UB Jawahar Nagar, Bunglow road _e110007 |
||
| 300 |
_axviii,236p.: _c23cm(Hb) _bill. |
||
| 650 |
_aBiography _97490 |
||
| 942 |
_2ddc _cEN _h921 _mBEG |
||
| 999 |
_c134247 _d134247 |
||